Alphabet of music / (Record no. 7313)

MARC details
000 -LEADER
fixed length control field 01054nam a22002897a 4500
001 - CONTROL NUMBER
control field 7313
003 - CONTROL NUMBER IDENTIFIER
control field FISKH
005 - DATE AND TIME OF LATEST TRANSACTION
control field 20250826140101.0
008 - FIXED-LENGTH DATA ELEMENTS--GENERAL INFORMATION
fixed length control field 250709b cb ||||| |||| 00| 0 eng d
020 ## - INTERNATIONAL STANDARD BOOK NUMBER
International Standard Book Number 9781592499953
040 ## - CATALOGING SOURCE
Original cataloging agency FISKH
Language of cataloging eng
Transcribing agency FISKH
Modifying agency FISKH
050 ## - LIBRARY OF CONGRESS CALL NUMBER
Classification number ML3928.S39
082 ## - DEWEY DECIMAL CLASSIFICATION NUMBER
Classification number 780.3
100 ## - MAIN ENTRY--PERSONAL NAME
Personal name Schwaeber, Barbie Heit
245 ## - TITLE STATEMENT
Title Alphabet of music /
Statement of responsibility, etc. by Barbie Heit Schwaeber ; Illustrated by Jorge Santillan and Debbie Clark
260 ## - PUBLICATION, DISTRIBUTION, ETC.
Place of publication, distribution, etc. Washington :
Name of publisher, distributor, etc. Sound Prints,
Date of publication, distribution, etc. 2008.
300 ## - PHYSICAL DESCRIPTION
Extent 44 unnumbered pages :
Other physical details color illustrations ;
Dimensions 26 cm
505 ## - FORMATTED CONTENTS NOTE
Formatted contents note G<br/>
520 ## - SUMMARY, ETC.
Summary, etc. From banjo to encore to tempo to waltz, this title shines a sportlight on musical instruments, rhythms, terms and styles all in one beautifully illustrated, rhyming alphabet book.<br/>
521 8# - TARGET AUDIENCE NOTE
Target audience note 400<br/>
Source Lexile estimate<br/>
521 8# - TARGET AUDIENCE NOTE
Target audience note G<br/>
Source Raz-Plus<br/>
650 ## - SUBJECT ADDED ENTRY--TOPICAL TERM
Topical term or geographic name entry element Instruments
Form subdivision Music
General subdivision Story
Chronological subdivision Vocabulary
700 ## - ADDED ENTRY--PERSONAL NAME
Personal name Santillan, Jorge
Relator term illustrator
700 ## - ADDED ENTRY--PERSONAL NAME
Personal name Clark, Debbie
Relator term illustrator
942 ## - ADDED ENTRY ELEMENTS (KOHA)
Source of classification or shelving scheme Dewey Decimal Classification
Koha item type Books
Suppress in OPAC No
Holdings
Withdrawn status Lost status Source of classification or shelving scheme Damaged status Not for loan Collection Home library Current library Shelving location Date acquired Total Checkouts Full call number Barcode Date last seen Copy number Price effective from Koha item type
    Dewey Decimal Classification     Juvenile Fiction Footprints International School Library Network Toul Kork Campus Footprints International School Library Network Toul Kork Campus TK Primary Library Room(4th Floor), Bookcase 1&2, Shelves 1-16, Dark Blue Books 07/09/2025   SCH 780.3 ML3928.S39 FISTK00840 07/09/2025 1 07/09/2025 Books
    Dewey Decimal Classification     Juvenile Fiction Footprints International School Library Network Toul Tom Poung Campus Footprints International School Library Network Toul Tom Poung Campus TTP Primary Dark Blue Bookshelves 08/26/2025   SCH 780.3 ML3928.S39 FIS03284 08/26/2025 2 08/26/2025 Books